| 000 | 00627cam a22002291 4500 | ||
|---|---|---|---|
| 001 | sa 67005819 | ||
| 003 | DLC | ||
| 005 | 20260227112400.0 | ||
| 008 | 921112r1963uuuuii a 000 1 tamo | ||
| 010 | _asa 67005819 | ||
| 035 | _a(OCoLC)26964413 | ||
| 040 |
_aDLC _cWaU _dDLC |
||
| 042 | _apremarc | ||
| 050 | 0 | 0 |
_aPL4758.9.K68 _bP3 1963 |
| 100 | 0 |
_aKalki, _d1899-1954. |
|
| 245 | 1 | 0 | _aPārttipan̲ kan̲avu. |
| 260 | _c[1963] | ||
| 300 |
_a446 p. _billus. _c19 cm. |
||
| 500 | _aIn Tamil. | ||
| 500 | _aA novel, previously published serially in Kalki. | ||
| 600 | 0 | 0 |
_aNarasimhavarman _bI, _cKing, _dactive 630-668 _vFiction. |
| 999 |
_c75481 _d75481 |
||